The Entrepreneurial of Malaysian Small and Medium Enterprises (SMEs) in Logistic (Record no. 499)

MARC details
000 -LEADER
fixed length control field 00981nam a22002777a 4500
001 - CONTROL NUMBER
control field 03113
003 - CONTROL NUMBER IDENTIFIER
control field HDC
007 - PHYSICAL DESCRIPTION FIXED FIELD--GENERAL INFORMATION
fixed length control field cr bn ---
008 - FIXED-LENGTH DATA ELEMENTS--GENERAL INFORMATION
fixed length control field 210103b20092009ne ||||| |||| 00| 0 eng d
022 ## - INTERNATIONAL STANDARD SERIAL NUMBER
International Standard Serial Number 1029-3132
040 ## - CATALOGING SOURCE
Original cataloging agency HDC
245 #4 - TITLE STATEMENT
Title The Entrepreneurial of Malaysian Small and Medium Enterprises (SMEs) in Logistic
Remainder of title : Practice, Challenge, Performance And Innovation
Statement of responsibility, etc. / Osman bin Jusoh and Hariri bin Kamis
260 ## - PUBLICATION, DISTRIBUTION, ETC.
Place of publication, distribution, etc. Netherlands:
Name of publisher, distributor, etc. Elsevier,
Date of publication, distribution, etc. 2009
300 ## - PHYSICAL DESCRIPTION
Extent 1 online resource (21 pages)
336 ## - CONTENT TYPE
Content type term text
Source rdacontent
337 ## - MEDIA TYPE
Media type term computer
Source rdamedia
338 ## - CARRIER TYPE
Carrier type term online resource
Source rdacarrier
500 ## - GENERAL NOTE
General note Extract from: Asia Pacific Management Review, 2009
-- Includes bibliographical references
650 ## - SUBJECT ADDED ENTRY--TOPICAL TERM
Topical term or geographic name entry element Small and Medium Enterprises (SMEs)
Geographic subdivision Malaysia
9 (RLIN) 1799
650 ## - SUBJECT ADDED ENTRY--TOPICAL TERM
Topical term or geographic name entry element Small business
Geographic subdivision Malaysia
9 (RLIN) 1307
700 ## - ADDED ENTRY--PERSONAL NAME
Personal name Hariri bin Kamis
Relator term author
9 (RLIN) 1999
700 ## - ADDED ENTRY--PERSONAL NAME
Personal name Osman bin Jusoh
Relator term author
9 (RLIN) 1998
942 ## - ADDED ENTRY ELEMENTS (KOHA)
Source of classification or shelving scheme Library of Congress Classification
942 ## - ADDED ENTRY ELEMENTS (KOHA)
Koha item type Articles
942 ## - ADDED ENTRY ELEMENTS (KOHA)
Call number prefix JART 002546
Holdings
Withdrawn status Lost status Source of classification or shelving scheme Damaged status Not for loan Home library Current library Shelving location Date acquired Total checkouts Full call number Date last seen Price effective from Koha item type
    Library of Congress Classification     Halal Development Corporation Library Halal Development Corporation Library Open Shelves 24/05/2023   JART 002546 24/05/2023 24/05/2023 Articles
Halal Development Corporation Berhad (HDC)
5.02 Level 5, KPMG Tower, First Avenue, Persiaran Bandar Utama, 47800 Petaling Jaya, Selangor Darul Ehsan
Phone: +603 7965 5489 Email: [email protected]